LEADER 01223nam--2200361---450- 001 990002770790203316 005 20060630112702.0 035 $a000277079 035 $aUSA01000277079 035 $a(ALEPH)000277079USA01 035 $a000277079 100 $a20060630d1977----km-y0itay50------ba 101 $aeng 102 $aGB 105 $aa---||||001yy 200 1 $aApulian red-figured paterae with flat or konbbed handles$fby G. Schneider-Herrmann 210 $aLondon$cUniversity of London, Institute of Classical Studies$d1977 215 $aXV, 142 p., [22] c. di tav. in parte ripieg.$cill.$d28 cm 225 2 $aInstitute of Classical Studies$iBulletin supplement$v34 410 0$12001$aInstitute of Classical studies$iBulletin supplement$v34 454 1$12001 461 1$1001-------$12001 606 0 $aPatere a figure rosse$yApulia$xCataloghi 676 $a738.38209387 700 1$aSCHNEIDER HERMANN,$bGisela$0565119 801 0$aIT$bsalbc$gISBD 912 $a990002770790203316 951 $aI C SCH 1$b1022 DBC$cI C 959 $aBK 969 $aDBC 979 $aDBC$b90$c20060630$lUSA01$h1127 996 $aApulian red-figured paterae with flat or konbbed handles$9997483 997 $aUNISA LEADER 02349nam2 2200325 i 450 001 VAN00077231 005 20241118020010.327 012 $2fei$ar-a- le9. 4.le p.se (3) 1763 (R)$5VAN 100 $a20080903d1763 |0itac50 ba 101 $aita 102 $aIT 140 $a||||||||| ||||||||| 181 $ai$b e 182 $an 183 $anc 200 1 $aˆ<<‰Istoria delle immaginazioni stravaganti del signor Oufle, che serve di preservativo contro la lettura de' Libri, che trattano della Magia, dei Demonj, Spiritati ... Con moltissime note curiose, che riferiscono fedelmente i passi de' Libri, che hanno ragionato di queste immaginazioni, e che le impugnano. Tradotta dal francese>> 4 205 $a128 p.$g8° 210 $rSegnatura: A-H? 215 $aBiblioteca Lauria. 461 1$1001VAN00077228$12001 $aIstoria delle immaginazioni stravaganti del signor Oufle, che serve di preservativo contro la lettura de' Libri, che trattano della Magia, dei Demonj, Spiritati ... Con moltissime note curiose, che riferiscono fedelmente i passi de' Libri, che hanno ragionato di queste immaginazioni, e che le impugnano. Tradotta dal francese. Tomo primo [-5?]$1205 $aIn Venezia : nella Stamperia di Vincenzo Manfredi : e a spese di Giacomo-Antonio Venaccia. Si vendono nel corridojo del Consiglio$b1763$1210 $r5 volumi ; 8°$1215 $aIl nome dell'Autore (Laurent Bordelon) si ricava da Barbier, Dictionnaire des ouvrages anonymes ... v. 2, col. 755.$v4 620 $dVenezia$3VANL000080 700 1$aBordelon$bLaurent$3VANV051953$0214041 712 02$aManfredi, Vincenzo$3VANV051955 712 02$aVenaccia, Giacomo Antonio$3VANV051956 801 $aIT$bSOL$c20260130$gRICA 899 $aBIBLIOTECA DEL DIPARTIMENTO DI GIURISPRUDENZA$1IT-CE0105$2VAN00 912 $aVAN00077231 950 $aBIBLIOTECA DEL DIPARTIMENTO DI GIURISPRUDENZA$d00LAURIA BL.700. 73 $e00BL 1982 4 20170310 996 $aIstoria delle immaginazioni stravaganti del signor Oufle, che serve di preservativo contro la lettura de' Libri, che trattano della Magia, dei Demonj, Spiritati ... Con moltissime note curiose, che riferiscono fedelmente i passi de' Libri, che hanno ragionato di queste immaginazioni, e che le impugnano. Tradotta dal francese 4$91435832 997 $aUNICAMPANIA